| 000 | 00575nam a2200193 a 4500 | ||
|---|---|---|---|
| 005 | 20240601063756.0 | ||
| 008 | 991125n19 [me 000 0 spa u | ||
| 035 | _aUPN01000026384 | ||
| 049 | _aLT | ||
| 050 | 4 |
_aLB1577 M6.2 _bM3.3a |
|
| 100 | 1 |
_aMarín, Emilio _929130 |
|
| 245 | 1 | 0 |
_aGramática española : _bprimer libro / _cEmilio Marín |
| 260 |
_a[México] : _b[s. n.], _c19-- |
||
| 300 | _a232 p. | ||
| 500 | _aDisponible en la Colección Medina | ||
| 650 | 4 |
_aEspañol _xGramática _xEstudio y enseñanza (Elemental) _913348 |
|
| 904 |
_aAC _b026385 |
||
| 905 | _aLibro | ||
| 999 |
_c26384 _d26384 |
||